Southville International School and Colleges
Your cart is empty.
  • Cart
  • Lists
    Public lists Eva Luna New books Lux_list list_1
    Your lists Log in to create your own lists
  • Log in to your account
  • Your cookies
  • Search history
Southville International School and Colleges
  • Advanced search
  • Recent comments
  • Most popular
  • Libraries

Log in to your account

Log in with GOOGLE


If you do not have an external account, but do have a local account, you can still log in:

  1. Home
  2. MARC view: Heidi /
Normal view MARC view ISBD view

Heidi / (Record no. 104439)

[ view plain ]
MARC details
000 -LEADER
fixed length control field 00472nam a2200157 a 4500
005 - DATE AND TIME OF LATEST TRANSACTION
control field 20140412111322.0
008 - FIXED-LENGTH DATA ELEMENTS--GENERAL INFORMATION
fixed length control field 001220s19uu xx 00 eng d
020 ## - INTERNATIONAL STANDARD BOOK NUMBER
International Standard Book Number 1-85830-016-9
050 ## - LIBRARY OF CONGRESS CALL NUMBER
Classification number ER
Item number He34 1997
100 ## - MAIN ENTRY--PERSONAL NAME
Personal name Johnston, Beryl
245 ## - TITLE STATEMENT
Title Heidi /
Statement of responsibility, etc story re-told Beryl Johnston; edited by Melanie Clayden ; illustrated by Jenny Press.
260 ## - PUBLICATION, DISTRIBUTION, ETC. (IMPRINT)
Place of publication, distribution, etc London :
Name of publisher, distributor, etc Grandreams Ltd,
Date of publication, distribution, etc 1997.
300 ## - PHYSICAL DESCRIPTION
Extent 1 v. (unp.) ; ill.
650 ## - SUBJECT ADDED ENTRY--TOPICAL TERM
Topical term or geographic name as entry element Fiction
Holdings
Withdrawn status Lost status Damaged status Use restrictions Home library Current library Shelving location Date acquired Source of acquisition Total Checkouts Full call number Barcode Date last seen Price effective from Koha item type
        Elizalde Library Elizalde Library Easy Reading Section 12/20/2000     ER He34 1997 E7823 04/12/2014 04/12/2014 Books

Heidi /

APA

Johnston B., . (1997). Heidi. London: Grandreams Ltd.

Chicago

Johnston Beryl, . 1997. Heidi. London: Grandreams Ltd.

Harvard

Johnston B., . (1997). Heidi. London: Grandreams Ltd.

MLA

Johnston Beryl, . Heidi. London: Grandreams Ltd. 1997.

  • Place hold
  • Print
  • Cite
  • Add to your cart (remove)
  • Save record
    BIBTEX Dublin Core MARCXML MARC (non-Unicode/MARC-8) MARC (Unicode/UTF-8) MARC (Unicode/UTF-8, Standard) MODS (XML) RIS
  • More searches
    Search for this title in:
    Other Libraries (WorldCat) Other Databases (Google Scholar) Online Stores (Bookfinder.com) Open Library (openlibrary.org)

Exporting to Dublin Core...

SOUTHVILLE LIBRARY

Southville International School and Colleges Library

1281 Tropical Ave. Cor. Luxembourg St., BF Homes International, Las Pinas City

Tel. No. 8256374 / 252358 Loc. 117/146

Powered by Koha